Vấn đề đánh giá năng lực ngoại ngữ du lịch của sinh viên cao đẳng theo chuẩn đầu ra /

সংরক্ষণ করুন:
গ্রন্থ-পঞ্জীর বিবরন
প্রধান লেখক: Hoàng Văn Thái, ThS.
বিন্যাস: প্রবন্ধ
ভাষা:Vietnamese
বিষয়গুলি:
ট্যাগগুলো: ট্যাগ যুক্ত করুন
কোনো ট্যাগ নেই, প্রথমজন হিসাবে ট্যাগ করুন!
Thư viện lưu trữ: Thư viện Trường Đại học Đà Lạt
LEADER 00806nam a2200253 4500
001 DLU180187610
005 ##20181004
040 # # |a DLU  |b vie 
041 # # |a vie 
044 # # |a vn 
100 # # |a Hoàng Văn Thái,   |c ThS. 
245 # # |a Vấn đề đánh giá năng lực ngoại ngữ du lịch của sinh viên cao đẳng theo chuẩn đầu ra /  |c Hoàng Văn Thái. 
653 # # |a Chuẩn đầu ra 
653 # # |a Năng lực ngoại ngữ 
773 # # |t Tạp chí dạy và học ngày nay  |g Số 05, 2017, tr. 9-11 
920 # # |a Phòng Tạp chí -- Trung tâm Thông tin - Thư viện Trường Đại học Đà Lạt 
994 # # |a DLU 
900 # # |a True 
911 # # |a Trần Thị Minh Hương 
925 # # |a G 
926 # # |a A 
927 # # |a BB 
980 # # |a Thư viện Trường Đại học Đà Lạt